Maadi . The lithic industries of the predynastic settlement / II:
المؤلفون الرئيسيون: ,
مؤلف مشترك:
التنسيق: كتاب
اللغة: English
منشور في:
Mainz am Rhein :
Verlag Philipp Von Zabern,
1988.
سلاسل:
Archäologische Veröffentlichungen (Deutsches Archäologisches Institut. Abteilung Kairo) ;
65.
ArchVer ;
65.
الموضوعات:
الوسوم: إضافة وسم
رقم الطلب: ( F )DT57 .D47 v.65
| LEADER | 01717cam a2200397Mi 4500 | ||
|---|---|---|---|
| 001 | ocm83828652 | ||
| 003 | OSt | ||
| 005 | 20240211120941.0 | ||
| 008 | 881006s1988 gw af 000 0 eng d | ||
| 999 | |c 56697 |d 56697 | ||
| 020 | |a 3805309805 | ||
| 020 | |a 9783805309806 | ||
| 035 | |a (OCoLC)83828652 | ||
| 040 | |c ARCE Library | ||
| 043 | |a f-ua--- | ||
| 050 | 4 | |a ( F )DT57 .D47 v.65 | |
| 100 | 1 | |a Rizkana, Ibrahim, |e author | |
| 245 | 1 | 0 | |a Maadi . |n II: |b The lithic industries of the predynastic settlement / |c by Ibrahim Rizkana and Jürgen Seeher. |
| 246 | 3 | 0 | |a Lithic industries of the predynastic settlement. |
| 264 | 1 | |a Mainz am Rhein : |b Verlag Philipp Von Zabern, |c 1988. | |
| 264 | 4 | |c ©1988. | |
| 300 | |a 115 pages, 111, xii pages of plates: |b illustrations ; |c 36 cm. | ||
| 490 | 1 | |a Archaologische Veroffentlichungen (Deutsches Archaologisches Institut. Abteilung Kairo) ; |v 65. | |
| 500 | |a At head of title: Excavations at the predynastic site of Maadi and its cemeteries conducted by Mustapha Amer and Ibrahim Rizkana on behalf of the Department of Geography, Faculty of Arts of Cairo University 1930-1953. | ||
| 650 | 7 | |a Antiquities. |2 fast |0 (OCoLC)fst00810745. | |
| 651 | 0 | |a Maʻādī Site (Egypt) | |
| 651 | 0 | |a Egypt |x Antiquities. | |
| 651 | 7 | |a Egypt. |2 fast |0 (OCoLC)fst01208755. | |
| 651 | 7 | |a Egypt |z Maʻādī Site. |2 fast |0 (OCoLC)fst01256441. | |
| 700 | 1 | |a Seeher, Jürgen, |e author. | |
| 710 | 2 | |a Jāmiʻat al-Qāhirah. |b Department of Geography. | |
| 740 | 0 | |a Lithic industries of the predynastic settlement. | |
| 830 | 0 | |a Archäologische Veröffentlichungen (Deutsches Archäologisches Institut. Abteilung Kairo) ; |v 65. | |
| 830 | 0 | |a ArchVer ; |v 65. | |
| 901 | |a reviewed | ||
| 942 | |2 lcc |c BK | ||
